000 00493nam a2200205Ia 4500
001 11743
003 GE_BSU
008 181216s||||||||xx |||||||||||||| ||und||
020 _a9780755322800
040 _cGE_BSU
080 _a821.111-32
100 _aGaiman,Neil
245 _aNeverwhere: The Autor's Preferred Text.
260 _aGreat Britain
260 _bHeadline reviev
260 _c2005
300 _a372p.20cm.
653 _aNeverwhere: The Autor's Preferred Text
942 _cBK
999 _c44922
_d44922